000 00449nam a2200181Ia 4500
008 240925s9999 xx 000 0 und d
020 _a9789332536340
082 _a650.01513 MAR
100 _aMariappan, P.
245 0 _aBusiness Mathematics
250 _aNA
260 _aIndia:
_bPearson Education
_c,2015.
300 _a227p.
_bNA
_fOriginal
500 _aIncludes Index
600 _aSocial Sciences
650 _aManagement
942 _cBK
999 _c16142
_d16142